| 000 | 00397nam a2200133Ia 4500 | ||
|---|---|---|---|
| 008 | 220217s9999||||xx |||||||||||||| ||und|| | ||
| 020 | _a81-203-0848-4 | ||
| 082 | _a004.165 RAF | ||
| 100 | _aRafiquzzaman, Mohamed | ||
| 245 | 0 | _aMicroprocessors: Theory and applications: intel and motorola | |
| 260 |
_aPrentice hall of india _bNew Delhi _c1999 |
||
| 300 | _b225 | ||
| 650 | _aMICROPROCESSOR | ||
| 999 |
_c165931 _d165931 |
||